Consumer behavior : fundamentals & strategies /

Bibliographic Details
Main Author: Williams, Terrell G.
Format: Book
Language:English
Published: St. Paul : West Pub. Co., [1982]
Subjects:

MARC

Tag First Indicator Second Indicator Subfields
LEADER 00000pam a2200000 a 4500
001 in00000087914
005 20151008063050.0
008 810210s1982 mnua b 00110 eng
010 |a  81001216  
020 |a 0829904204 :  |c $14.36 
035 |a (OCoLC)07283624 
035 |9 AAK1511AM 
039 0 |a 2  |b 3  |c 3  |d 3  |e 3 
040 |a DLC  |c DLC  |d TXA  |d UtOrBLW 
049 |a TXAM  |c [1387812] 
050 0 0 |a HF5415.3  |b  W543 
082 0 |a 658.8/342  |2 19 
100 1 |a Williams, Terrell G. 
245 1 0 |a Consumer behavior :  |b fundamentals & strategies /  |c Terrell G. Williams. 
264 1 |a St. Paul :  |b West Pub. Co.,  |c [1982] 
264 4 |c ©1982 
300 |a xvi, 574 pages :  |b illustrations ;  |c 26 cm. 
336 |a text  |b txt  |2 rdacontent 
337 |a unmediated  |b n  |2 rdamedia 
338 |a volume  |b nc  |2 rdacarrier 
504 |a Includes bibliographical references and indexes. 
650 0 |a Consumers. 
650 0 |a Motivation research (Marketing) 
999 |a MARS 
999 f f |s f5f28e5a-15e6-36e5-8e6c-9ed151e742c1  |i b2e71a82-bf3f-347b-b56a-3fa2f5a583b6  |t 0 
952 f f |p ric  |a Texas A&M University  |b Rellis Campus  |c Joint Library Facility  |d Remote Storage  |t 0  |e HF5415.3 W543  |h Library of Congress classification  |i unmediated -- volume  |m A14805969963 
998 f f |a HF5415.3 W543  |t 0  |l Remote Storage